000 00862nam0a22002771 4500
001 rc\3247221
005 20130115142701.2
021 _aRU
_b71-57883
021 _aRU
_bРг15196-72
035 _a(NLR Aleph) 007379119
090 _a6488747
_c6488747
100 _a20130115d1971 |||y0rusy50 ca
101 1 _arus
_clav
102 _aRU
105 _aa z |||||
200 1 _aДобытчики морского серебра
_e[Фотоочерк]
_f[Текст Э. Ханберга
_gПер. с латыш. Л. Ромма
210 _aРига
_cЛиесма
_d1971
215 _a12 с., 10 л. ил.
_d14х21
700 1 _aХанберг
_bЭ. К.
_gЭрих К.
702 1 _aХанберга
_bЭ.
_4570
702 1 _aРомма
_bЛ.
_4730
801 0 _aRU
_bNLR
_gpsbo
801 1 _aRU
_bELAR
_2rusmarc
852 _aNLR
_j72-6/7111
942 _cBOOK
980 _aNB